000 00322nam a22001217a 4500
020 _a0-07-00417-X
082 _a621 MAR'A
100 _aBAUMEISTER, T ,AVALLONE, E.A
_961769
245 _aMARKS STANDARDS HANDBOOK FOR MECHANICAL ENGINEER'S
260 _aNEWYORK
_bMCGRAW HILL
_c1987
300 _aXXII, 19-44P
942 _cBK
999 _c571106
_d571106